[Event "DEN-ch U14 rapid"]
[Site "Odense"]
[Date "2021.10.01"]
[Round "1"]
[White "Videbak, Vincent"]
[Black "Gade Burgaard, Kristian"]
[Result "0-1"]
[WhiteElo "1278"]
[BlackElo "1802"]
[PlyCount "64"]
[EventDate "2021.10.01"]
[EventType "swiss"]
[EventRounds "5"]
[EventCountry "DEN"]
[SourceTitle "EXT 2024"]
[Source "ChessBase"]
[SourceDate "2023.10.10"]
[SourceVersion "1"]
[SourceVersionDate "2023.10.10"]
[SourceQuality "1"]

1. e4 c5 2. c3 Nf6 3. e5 Nd5 4. d4 cxd4 5. Nf3 e6 6. cxd4 d6 7. Bb5+ Nd7 8. 0-0 Qc7 9. Re1 Be7 10. Bg5 Bxg5 11. Nxg5 0-0 12. Qd3 g6 13. Qh3 h5 14. Nxe6 Qa5 15. Rc1 Qxb5 16. Nxf8 Nf4 17. Qe3 Ne2+ 18. Kh1 Nxc1 19. Qxc1 Nxf8 20. Na3 Qe2 21. Nc4 dxe5 22. dxe5 Be6 23. Ne3 Rc8 24. Qg1 Qxb2 25. Rb1 Qxe5 26. Rxb7 Qa5 27. Rb2 Qa3 28. Qb1 Bxa2 29. Qa1 Be6 30. Qb1 a5 31. Nc2 Qc3 32. h3 Bf5 0-1